<?xml version="1.0" encoding="UTF-8"?><?xml-stylesheet type="text/xsl" href="static/style.xsl"?><OAI-PMH xmlns="http://www.openarchives.org/OAI/2.0/" xmlns:xsi="http://www.w3.org/2001/XMLSchema-instance" xsi:schemaLocation="http://www.openarchives.org/OAI/2.0/ http://www.openarchives.org/OAI/2.0/OAI-PMH.xsd"><responseDate>2026-04-14T08:25:43Z</responseDate><request verb="GetRecord" identifier="oai:www.recercat.cat:2072/151642" metadataPrefix="marc">https://recercat.cat/oai/request</request><GetRecord><record><header><identifier>oai:recercat.cat:2072/151642</identifier><datestamp>2026-01-15T07:57:27Z</datestamp><setSpec>com_2072_5167</setSpec><setSpec>com_2072_5163</setSpec><setSpec>col_2072_5168</setSpec></header><metadata><record xmlns="http://www.loc.gov/MARC21/slim" xmlns:dcterms="http://purl.org/dc/terms/" xmlns:xsi="http://www.w3.org/2001/XMLSchema-instance" xmlns:doc="http://www.lyncode.com/xoai" xsi:schemaLocation="http://www.loc.gov/MARC21/slim http://www.loc.gov/standards/marcxml/schema/MARC21slim.xsd">
   <leader>00925njm 22002777a 4500</leader>
   <datafield ind2=" " ind1=" " tag="042">
      <subfield code="a">dc</subfield>
   </datafield>
   <datafield ind2=" " ind1=" " tag="720">
      <subfield code="a">Navarro Navarro, Patricia</subfield>
      <subfield code="e">author</subfield>
   </datafield>
   <datafield ind2=" " ind1=" " tag="260">
      <subfield code="c">2011-05-12T08:50:59Z</subfield>
   </datafield>
   <datafield ind2=" " ind1=" " tag="520">
      <subfield code="a">L'objectiu de l'aquest treball és definir el fenomen de la violència de gènere i la situació de la dona enfront del mateix. En primer lloc, es defineix la violència de gènere i s'expliquen els diferents tipus de violència. En segon lloc es defineixen diferents teories que expliquen aquest tipus de conductes. A continuació s'esmenten alguns mites o estereotips que existeixen en la nostra societat i s'expliquen possibles perfils de la víctima i de l'agressor. En tercer lloc veurem els factors de risc de patir aquest tipus de violència. Després ens centrarem en les repercussions més significatives que pateixen les dones a causa d'aquest fenomen, i intentarem pensar en els motius que té la dona per seguir en aquesta situació i seguir aguantant aquest tipus de conductes. En cinquè lloc esmentarem algunes pautes per al tractament i la prevenció d'aquesta situació, i finalment esmentarem la llei de violència de gènere per la qual ens regim actualment i els recursos que té la víctima.</subfield>
   </datafield>
   <datafield ind1="8" ind2=" " tag="024">
      <subfield code="a">http://hdl.handle.net/2072/151642</subfield>
   </datafield>
   <datafield ind2="0" ind1="0" tag="245">
      <subfield code="a">Violencia de género: aspectos psicológicos y aspectos jurídicos</subfield>
   </datafield>
</record></metadata></record></GetRecord></OAI-PMH>